| 000 | 01270naa a2200337 c 4500 | ||
|---|---|---|---|
| 001 | 28151 | ||
| 003 | ES-MaCES | ||
| 005 | 20150925142053.0 | ||
| 008 | 951103n1995 sp ||| | spa d | ||
| 035 | _aCES19980020877v | ||
| 040 |
_aES-MaCES _bspa _cES-MaCES |
||
| 100 | 1 |
_aLópez Geta, José María _916907 |
|
| 245 | 1 | 3 |
_aLa Ley 25/1995, de 20 de julio, de modificación parcial de la Ley general tributaria _b: breve comentario a algunas modificaciones introducidas en el texto de la Ley General Tributaria _cJosé M.ª López Geta |
| 610 | 1 | 4 |
_aEspaña _tLey general tributaria _d1963 _pModificación parcial, 1995 _93158 |
| 650 | 4 |
_a1995 _930872 |
|
| 650 | 4 |
_acomentario _928971 |
|
| 650 | 4 |
_areforma legislativa _929892 |
|
| 650 | 4 |
_alegislación _927153 |
|
| 650 | 4 |
_aEspaña _926964 |
|
| 650 | 4 |
_aadministración fiscal _927209 |
|
| 650 | 4 |
_arecaudación de impuestos _928087 |
|
| 650 | 4 |
_atributación _928093 |
|
| 650 | 4 |
_areforma tributaria _928091 |
|
| 653 | 1 | 0 | _aLegislación |
| 650 | 4 |
_928077 _ahacienda pública |
|
| 650 | 4 |
_928086 _aimpuesto |
|
| 773 | 0 |
_tImpuestos _gAño 11, n. 17 (1 sept. 1995) ; p. 101-136 _w(ES-MaCES)25178 |
|
| 902 | _aART Artículo de revista | ||
| 942 |
_2CES _cAR _h6.1. |
||
| 999 |
_c28151 _d28151 |
||